000 00400nam a22001697a 4500
003 NUST
020 _a9788184317992
038 _akhadija
082 _a621.3
_bBAK
100 _aBakshi, U. A.
_983108
245 _aElectric Technology
260 _aNew Delhi:
_bTechnology Education Pune ,
_c2009.
300 _a1.V (Unpaged). ;
_b24 cm.
500 _aPaperback.
563 _aPB
942 _cBK
_2ddc
999 _c32784
_d32784